Pueblos indígenas, multiculturalismo y la nueva geometría del poder en Venezuela /

Shranjeno v:
Bibliografske podrobnosti
Glavni avtor: Angosto, Luis Fernando
Format: Texto
Oznake: Označite
Brez oznak, prvi označite!

MARC

LEADER 00000 a a2200000 04500
001 46364
003
040
100 |a Angosto, Luis Fernando  
245 |a Pueblos indígenas, multiculturalismo y la nueva geometría del poder en Venezuela /  |c Luis Fernando Angosto  
773 |g volumen27, número73 (2010), páginas 97-132  
999 |c 21866  |d 21866